Barney's: number friends / (Record no. 102084)
[ view plain ]
| 000 -LEADER | |
|---|---|
| fixed length control field | 00536nam a2200181 a 4500 |
| 005 - DATE AND TIME OF LATEST TRANSACTION | |
| control field | 20140412111228.0 |
| 008 - FIXED-LENGTH DATA ELEMENTS--GENERAL INFORMATION | |
| fixed length control field | 010529s19uu xx 00 eng d |
| 020 ## - INTERNATIONAL STANDARD BOOK NUMBER | |
| International Standard Book Number | 1-57064-079-3 |
| 050 ## - LIBRARY OF CONGRESS CALL NUMBER | |
| Classification number | ER |
| Item number | Ba26 1996 |
| 100 ## - MAIN ENTRY--PERSONAL NAME | |
| Personal name | Bernthal, Mark S. |
| 245 ## - TITLE STATEMENT | |
| Title | Barney's: number friends / |
| Statement of responsibility, etc | adapted from a poem by Mark S. Bernthal; illustrated by Darren McKee. |
| 260 ## - PUBLICATION, DISTRIBUTION, ETC. (IMPRINT) | |
| Place of publication, distribution, etc | Drive Allen, Texas : |
| Name of publisher, distributor, etc | The Lyons Group, |
| Date of publication, distribution, etc | 1996. |
| 300 ## - PHYSICAL DESCRIPTION | |
| Extent | 1v. (unp.); ill. |
| 440 ## - SERIES STATEMENT/ADDED ENTRY--TITLE | |
| Title | Barney |
| 650 ## - SUBJECT ADDED ENTRY--TOPICAL TERM | |
| Topical term or geographic name as entry element | Numbers |
| 650 ## - SUBJECT ADDED ENTRY--TOPICAL TERM | |
| Topical term or geographic name as entry element | Counting |
| Withdrawn status | Lost status | Damaged status | Use restrictions | Home library | Current library | Shelving location | Date acquired | Source of acquisition | Total Checkouts | Full call number | Barcode | Date last seen | Price effective from | Koha item type |
|---|---|---|---|---|---|---|---|---|---|---|---|---|---|---|
| Elizalde Library | Elizalde Library | Easy Reading Section | 05/29/2001 | ER Ba26 1996 | E0483 | 04/12/2014 | 04/12/2014 | Books |